000 00610nam a22001937a 4500
003 CEME
005 20210628205906.0
008 210208b xxu||||| |||| 00| 0 eng d
020 _a0-02-801856-7
040 _c.
082 _a629.25 CRO
100 _aCrouse, William.H Anglin, Donald.L
_963398
245 _aAutomotive tuneup and engine performance includes advanced engine performance
250 _a3RD
260 _aNEWYORK
_bGLENCOL, MCGRAW HILL
_c1996
300 _a457P
650 _aENGINE PERFORMANCE-AUTOMOBILES AUTOMOBILES MOTORS MAINTENANCE AND REPAIR AUTOMOBILES-
_977410
942 _cBK
_2ddc
999 _c582681
_d582681